00558nam a2200181Ia 4500003000500000008004100005020001800046040001900064082000700083100002200090245006000112260002900172300000800201546001200209942001200221999001700233952012600250STCL181203s9999 xx 000 0 und d a9789381714607 aSTCLbENcSTCL 222 aLittlefield, T.A. 0aAtomic and Nuclear Physics: An Introduction in SI Units bMedtechaNew Delhic2016 a476 aEnglish 2ddccBK c86918d86918 00102ddc4070aSTCALbSTCALcGENd2018-12-03l9m5o539.7 LIT-Ap95540r2024-03-04 00:00:00s2024-02-23w2018-12-03yBK